000 00528nam a22001937a 4500
005 20251108164015.0
008 250721s1978 xx 000 0 ara d
082 1 4 _a211.82/ظبي
100 1 _aظبيان، محمد تيسير
245 1 0 _aموقع أصحاب الكهف /
264 1 _aالقاهرة :
_bدار النصر،
_c1978.
300 _a230ص
650 1 7 _aالقرآن الكريم
650 1 7 _aقصص القرآن
650 1 7 _aالآثار
650 1 7 _aالأدرن
942 _2ddc
_cBK
999 _c1280
_d1280